Basic electronics for tomorrow's world / (Record no. 6930)
[ view plain ]
| 000 -LEADER | |
|---|---|
| fixed length control field | 00961nam a22002772 4500 |
| 001 - CONTROL NUMBER | |
| control field | 0000005230 |
| 005 - DATE AND TIME OF LATEST TRANSACTION | |
| control field | 20151217151957.0 |
| 008 - FIXED-LENGTH DATA ELEMENTS--GENERAL INFORMATION | |
| fixed length control field | 070608s xx 000 0 eng d |
| 020 ## - INTERNATIONAL STANDARD BOOK NUMBER | |
| Terms of availability | KES 510 |
| 040 ## - CATALOGING SOURCE | |
| Original cataloging agency | KABU |
| Transcribing agency | KABU |
| 050 #0 - LIBRARY OF CONGRESS CALL NUMBER | |
| Classification number | TK7815 |
| Item number | .J5 1993 |
| 100 1# - MAIN ENTRY--PERSONAL NAME | |
| Personal name | Jones, Len. |
| -- | 0000156406 |
| 245 10 - TITLE STATEMENT | |
| Title | Basic electronics for tomorrow's world / |
| Statement of responsibility, etc. | Len Jones. |
| 260 ## - PUBLICATION, DISTRIBUTION, ETC. (IMPRINT) | |
| Place of publication, distribution, etc. | Cambridge : |
| Name of publisher, distributor, etc. | Cambridge University Press, |
| Date of publication, distribution, etc. | 1993. |
| 300 ## - PHYSICAL DESCRIPTION | |
| Extent | 253 p. |
| 650 #0 - SUBJECT ADDED ENTRY--TOPICAL TERM | |
| Topical term or geographic name as entry element | Electronics. |
| -- | 0000010711 |
| 908 ## - PUT COMMAND PARAMETER (RLIN) | |
| Put command parameter | 070608 |
| 950 ## - LOCAL HOLDINGS (RLIN) | |
| -- | 1 |
| Withdrawn status | Lost status | Source of classification or shelving scheme | Not for loan | Home library | Current library | Date acquired | Total Checkouts | Full call number | Barcode | Date last seen | Date last checked out | Price effective from | Koha item type | Total Renewals |
|---|---|---|---|---|---|---|---|---|---|---|---|---|---|---|
| Library of Congress Classification | Kabarak, Main Campus | Kabarak, Main Campus | 17/12/2015 | 2 | TK7815 .J5 1993 | 008253 | 07/12/2018 | 20/11/2018 | 17/12/2015 | General Collection | ||||
| Library of Congress Classification | Kabarak, Main Campus | Kabarak, Main Campus | 17/12/2015 | 4 | TK7815 .J5 1993 | 008254 | 27/05/2021 | 24/04/2021 | 17/12/2015 | General Collection | 2 | |||
| Library of Congress Classification | Kabarak, Main Campus | Kabarak, Main Campus | 17/12/2015 | TK7815 .J5 1993 | 008256 | 17/12/2015 | 17/12/2015 | General Collection | ||||||
| Library of Congress Classification | Kabarak, Main Campus | Kabarak, Main Campus | 17/12/2015 | 5 | TK7815 .J5 1993 | 008258 | 30/06/2021 | 14/06/2021 | 17/12/2015 | General Collection | ||||
| Library of Congress Classification | Kabarak, Main Campus | Kabarak, Main Campus | 17/12/2015 | TK7815 .J5 1993 | 008259 | 17/12/2015 | 17/12/2015 | General Collection | ||||||
| Library of Congress Classification | Kabarak, Main Campus | Kabarak, Main Campus | 17/12/2015 | 3 | TK7815 .J5 1993 | 008260 | 21/02/2020 | 15/02/2020 | 17/12/2015 | General Collection | ||||
| Library of Congress Classification | Kabarak, Main Campus | Kabarak, Main Campus | 17/12/2015 | TK7815 .J5 1993 | 008261 | 17/12/2015 | 17/12/2015 | General Collection |